Die kunst des 19. und 20. jahrhunderts (Record no. 7186)
[ view plain ]
| 000 -CABECERA | |
|---|---|
| campo de control de longitud fija | 00954nam a2200265 a 4500 |
| 001 - NÚMERO DE CONTROL | |
| campo de control | BRCA_7512 |
| 005 - FECHA Y HORA DE LA ÚLTIMA TRANSACCIÓN | |
| campo de control | 20190320205852.0 |
| 008 - DATOS DE LONGITUD FIJA--INFORMACIÓN GENERAL | |
| campo de control de longitud fija | 090513s1917----gw-a######---#000-0#ger-# |
| 041 ## - CÓDIGO DE LENGUA | |
| Código de lengua del texto/banda sonora o título independiente | ger |
| 044 ## - CÓDIGO DEL PAÍS DE LA ENTIDAD EDITORA/PRODUCTORA | |
| Código MARC del país | gw |
| 050 #4 - SIGNATURA TOPOGRÁFICA DE LA BIBLIOTECA DEL CONGRESO | |
| Número de clasificación | N6450 |
| Número de documento/Ítem | .B87 1917 |
| 100 1# - ENTRADA PRINCIPAL--NOMBRE DE PERSONA | |
| Nombre de persona | Burger, Fritz |
| 9 (RLIN) | 18525 |
| 245 10 - MENCIÓN DE TÍTULO | |
| Título | Die kunst des 19. und 20. jahrhunderts |
| Resto del título | [parte] I. einfuhrung in die moderne kunst |
| Mención de responsabilidad, etc. | von Fritz Burger, Georg Swarzenski & August Grisebach ; herausgegeben von A. E. Brinckmann. |
| 260 ## - PUBLICACIÓN, DISTRIBUCIÓN, ETC. | |
| Lugar de publicación, distribución, etc. | Alemania |
| Nombre del editor, distribuidor, etc. | Akademische Verlagsgesellschaft Athenaion |
| Fecha de publicación, distribución, etc. | 1917 |
| 300 ## - DESCRIPCIÓN FÍSICA | |
| Extensión | 136 p. |
| Otras características físicas | il. (algunas a color), 6 láminas |
| Dimensiones | 29 cm. |
| 440 #0 - MENCIÓN DE SERIE/PUNTO DE ACCESO ADICIONAL--TÍTULO | |
| Título | Handbuch der Kunstwissenschaft |
| 9 (RLIN) | 18526 |
| 500 ## - NOTA GENERAL | |
| Nota general | Ejemplar divido en dos partes |
| 500 ## - NOTA GENERAL | |
| Nota general | R53 |
| 650 14 - PUNTO DE ACCESO ADICIONAL DE MATERIA--TÉRMINO DE MATERIA | |
| Término de materia o nombre geográfico como elemento de entrada | Arte moderno |
| Subdivisión cronológica | Siglo XIX-XX |
| 9 (RLIN) | 1532 |
| 700 1# - PUNTO DE ACCESO ADICIONAL--NOMBRE DE PERSONA | |
| Nombre de persona | Swarzenski, Georg |
| Término indicativo de función/relación | coaut. |
| 9 (RLIN) | 18527 |
| 700 1# - PUNTO DE ACCESO ADICIONAL--NOMBRE DE PERSONA | |
| Nombre de persona | Grisebach, August |
| Término indicativo de función/relación | coaut. |
| 9 (RLIN) | 18528 |
| 700 1# - PUNTO DE ACCESO ADICIONAL--NOMBRE DE PERSONA | |
| Nombre de persona | Brinckmann, A. E. |
| Término indicativo de función/relación | ed. |
| 9 (RLIN) | 18529 |
| 902 ## - CATALOGADOR | |
| Iniciales | GFM |
| 942 ## - ELEMENTOS DE PUNTO DE ACCESO ADICIONAL (KOHA) | |
| Fuente del sistema de clasificación o colocación | Library of Congress Classification |
| Tipo de ítem Koha | Libros |
| Estado de retiro | Estado de pérdida | Estado dañado | No para préstamo | Localización permanente | Ubicación/localización actual | Fecha de adquisición | Número de inventario | Total de préstamos | Signatura topográfica completa | Código de barras | Fecha visto por última vez | Precio válido a partir de | Tipo de ítem Koha |
|---|---|---|---|---|---|---|---|---|---|---|---|---|---|
| El ejemplar forma parte de la colección y puede ser consultado según las políticas vigentes. | Biblioteca del Museo Franz Mayer (Rogerio Casas-Alatriste) | Biblioteca del Museo Franz Mayer (Rogerio Casas-Alatriste) | 09/05/2013 | R53 | N6450 .B87 1917 (R53) | 8117 | 22/03/2019 | 22/03/2019 | Libros |